| Поле | Название | Значение |
| |
Тип записи |
a |
| |
Библиографический уровень |
m |
| 001 |
Контрольный номер |
75dc2cad355744798c94740f667605e7 |
| 005 |
Дата корректировки |
20171010113732.4 |
| 010 |
Индекс ISBN |
__ |
| a |
ISBN |
978-5-905536-28-1 |
| d |
Цена |
78,00 |
| 101 |
Язык документа |
0_ |
| a |
Язык текста |
rus |
| 102 |
Страна публикации |
__ |
| a |
Страна публикации |
RU |
| 200 |
Заглавие и сведения об ответственности |
1_ |
| a |
Заглавие |
Психология и педагогика в схемах, таблицах и иллюстрациях |
| b |
Общее обозначение материала |
Текст |
| e |
Сведения, относящиеся к заглавию |
Учебное пособие |
| f |
Первые сведения об ответственности |
Б.Ф. Кевбрин, П.В. Новиков; Саран. кооп. ин-т РУК |
| 210 |
Выходные данные |
1_ |
| a |
Место издания |
Саранск |
| c |
Издательство |
Принт-Издат |
| d |
Дата издания |
2013 |
| 215 |
Физическое описание |
__ |
| a |
Объем |
164с. |
| 610 |
Ключевые слова |
0_ |
| a |
Ключевые слова |
психология |
| a |
Ключевые слова |
Педагогика |
| a |
Ключевые слова |
психология деятельности |
| a |
Ключевые слова |
Психология личности |
| 686 |
Индексы других классификаций |
__ |
| a |
Классификационный индекс |
88 |
| 700 |
Автор |
_1 |
| a |
Фамилия |
Кевбрин Б. Ф. |
| 801 |
Источник записи |
_0 |
| a |
Страна |
RU |
| b |
Организация |
РУК |
| g |
Правила каталогизации |
PSBO |
| 801 |
Источник записи |
_1 |
| a |
Страна |
RU |
| b |
Организация |
РУК |
| g |
Правила каталогизации |
PSBO |
| 852 |
Данные о местонахождении |
__ |
| i |
Авторский знак |
К 33 |
| j |
Шифр хранения |
88 |
| 901 |
Тип документа |
__ |
| t |
Тип документа |
m |
| 937 |
Технологическая информация |
__ |
| a |
Создатель записи (имя) |
Носкова |
| 938 |
Служебная информация |
__ |
| a |
Название организации |
Саранский филиал |
| 952 |
Тип литературы |
__ |
| c |
Вид литературы |
учебное пособие |